000 00296nam a2200133Ia 4500
999 _c5866
_d5866
003 OSt
008 191201s2014 xx 000 0 und d
100 _aVARGHESE, PC
245 0 _aBuilding Construction
260 _aN. delhi
_bPHI
_c2014
300 _a448
650 _aB.Tech(CE)
942 _2ddc
_cBK